| 000 | 00506nam a2200181Ia 4500 | ||
|---|---|---|---|
| 999 |
_c28008 _d28008 |
||
| 003 | OSt | ||
| 005 | 20210104111931.0 | ||
| 008 | 190216s9999||||xx |||||||||||||| ||und|| | ||
| 020 | _a8124007128 | ||
| 040 | _coclc | ||
| 082 |
_a894.8121 _bCHA/V |
||
| 100 |
_aChandran, Sarath _97554 |
||
| 245 | 0 |
_aValmunayile Kattu / _cSarath Chandran |
|
| 260 |
_bCurrent Books, _c1999. _aKottayam: |
||
| 300 | _a119p | ||
| 650 | _aKavithkal | ||
| 942 |
_cBK _2ddc _h894.8121 _iCHA/V _k894.8121 _mCHA/V |
||